Traitè de la science des Finances / (Record no. 157572)

MARC details
000 -LEADER
campo de control de longitud fija 00706nam a2200181 i 4500
001 - NÚMERO DE CONTROL
campo de control 157572
003 - IDENTIFICADOR DE NÚMERO DE CONTROL
campo de control ES-MaACL
005 - FECHA Y HORA DE LA ÚLTIMA TRANSACCIÓN
campo de control 20250718063329.0
008 - DATOS DE LONGITUD FIJA--INFORMACIÓN GENERAL
campo de control de longitud fija 931025s1879 fr |||| | fre d
100 1# - ENTRADA PRINCIPAL--NOMBRE DE PERSONA
Nombre de persona Leroy-Beaulieu, Paul,
Fechas asociadas al nombre 1843-1916
9 (RLIN) 71810
245 10 - MENCIÓN DEL TÍTULO
Título Traitè de la science des Finances /
Mención de responsabilidad, etc. par Paul Leroy-Beaulieu.
250 ## - MENCION DE EDICION
Mención de edición 2ème ed. rev., corr. et augm.
260 ## - PUBLICACIÓN, DISTRIBUCIÓN, ETC.
Lugar de publicación, distribución, etc. Paris :
Nombre del editor, distribuidor, etc. Guillamin et C\pie\s, editeurs,
Fecha de publicación, distribución, etc. 1879 (
Lugar de fabricación/manufactura Corbeil :
Fabricante Typ. et stér. de Crété)
300 ## - DESCRIPCIÓN FÍSICA
Extensión 2 v. (VIII, 762 ; 712 p.) ;
Dimensiones 22 cm.
505 8# - NOTA DE CONTENIDO CON FORMATO
Nota de contenido con formato Contiene: T. I. Des revenus publics -- T. II. Le budget et le crédit public
852 ## - LOCALIZACIÓN
Ubicación ES-MaACL
Número de control de estantería C-2618-19
Nota libre -- Enc. hol.
Holdings
Estatus retirado Estado de pérdida Estado de daño No para préstamo Colección Biblioteca de origen Biblioteca actual Ubicación en estantería Fecha de adquisición Total de préstamos Signatura topográfica completa Código de barras Visto por última vez Precio de reemplazo Tipo de ítem Koha
        Libros del s. XIX Biblioteca del Ateneo de Madrid Biblioteca del Ateneo de Madrid Sala Palomar 17/01/2008   C-2618-19 1164893 23/02/2023 23/02/2023 Libro impreso antiguo